Development of efficient metal/metal oxides-based nanomaterials for energy conversion and storage applications / (رقم التسجيلة. 178361)

تفاصيل مارك
000 -LEADER
fixed length control field 06385namaa22004691i 4500
003 - CONTROL NUMBER IDENTIFIER
control field EG-GICUC
005 - أخر تعامل مع التسجيلة
control field 20260219114612.0
008 - FIXED-LENGTH DATA ELEMENTS--GENERAL INFORMATION
fixed length control field 260210s2025 ua a|||frm||| 000 0 eng d
040 ## - CATALOGING SOURCE
Original cataloguing agency EG-GICUC
Language of cataloging eng
Transcribing agency EG-GICUC
Modifying agency EG-GICUC
Description conventions rda
041 0# - LANGUAGE CODE
Language code of text/sound track or separate title eng
Language code of summary or abstract eng
-- ara
049 ## - Acquisition Source
Acquisition Source Deposit
082 04 - DEWEY DECIMAL CLASSIFICATION NUMBER
Classification number 540
092 ## - LOCALLY ASSIGNED DEWEY CALL NUMBER (OCLC)
Classification number 540
Edition number 21
097 ## - Degree
Degree Ph.D
099 ## - LOCAL FREE-TEXT CALL NUMBER (OCLC)
Local Call Number Cai01.12.11.Ph.D.2025.Am.D
100 0# - MAIN ENTRY--PERSONAL NAME
Authority record control number or standard number Amira Mohammed Ahmed Mohammed,
Preparation preparation.
245 10 - TITLE STATEMENT
Title Development of efficient metal/metal oxides-based nanomaterials for energy conversion and storage applications /
Statement of responsibility, etc. by Amira Mohammed Ahmed Mohammed ; Supervision Prof. Dr. Mohamed Saada El-Deab, Dr. Muhammad Gamal Abd EL-Moghny, Prof. Dr. Wafaa Mohamed Morsi, Dr. Ahmed Mohamed Abdelrahim.
246 15 - VARYING FORM OF TITLE
Title proper/short title تطوير مواد نانومترية مكونة من فلزات وأكاسيد فلزات ذات كفاءة لتطبيقات تحويل الطاقة وتخزينها
264 #0 - PRODUCTION, PUBLICATION, DISTRIBUTION, MANUFACTURE, AND COPYRIGHT NOTICE
Date of production, publication, distribution, manufacture, or copyright notice 2025.
300 ## - PHYSICAL DESCRIPTION
Extent 189 pages :
Other physical details illustrations ;
Dimensions 25 cm. +
Accompanying material CD.
336 ## - CONTENT TYPE
Content type term text
Source rda content
337 ## - MEDIA TYPE
Media type term Unmediated
Source rdamedia
338 ## - CARRIER TYPE
Carrier type term volume
Source rdacarrier
502 ## - DISSERTATION NOTE
Dissertation note Thesis (Ph.D)-Cairo University, 2025.
504 ## - BIBLIOGRAPHY, ETC. NOTE
Bibliography, etc. note Bibliography: pages 173-185.
520 #3 - SUMMARY, ETC.
Summary, etc. Hydrogen evolution reaction (HER) is a crucial electrochemical process, <br/>indispensable for developing sustainable energy sources and several industrial <br/>applications. The efficient green hydrogen production via alkaline water <br/>electrolysis (AWE) faces a significant challenge in finding cost-effective and <br/>efficient electrocatalysts. Additionally, enhancing the oxygen evolution reaction <br/>(OER) increases the efficiency of the overall process. Thus, developing efficient <br/>and affordable electrocatalysts for HER and OER is essential. Herein, a new <br/>approach of facile electrodeposition steps has been adopted to fabricate <br/>electrocatalysts at the surface of in-situ modified graphite felt (GF) as a 3-D <br/>porous substrate. Firstly, an ultrathin NiMoO4 electrocatalyst was synthesized for <br/>HER. The as-synthesized electrocatalyst exhibits tremendously high HER <br/>activity with a markedly low overpotential at current density 10 mA cm–2 (η10) of <br/>17 mV, with a low Tafel slope of 37 mV dec–1, and exhibits impressive stability <br/>at 100 mA cm–2 throughout 98 h of continuous electrolysis. Secondly, a <br/>heterostructured binary hydroxide/metallic CoNi interface electrodeposited over <br/>Fe3O4 at the in-situ modified GF (denoted as CoNi/Fe@GF) was fabricated to <br/>enhance the OER. The fabricated CoNi/Fe@GF electrode exhibits a superb <br/>electrocatalytic performance for OER, which requires a marked ultra-low η10 of <br/>234 mV, coupled with a low Tafel slope of 34 mV dec–1, and maintains <br/>outstanding stability at 100 mA cm–2, exceeding 24 h of continuous electrolysis.
520 #3 - SUMMARY, ETC.
Summary, etc. يُعد تفاعل تصاعد الهيدروجين عملية كهروكيميائية بالغة الأهمية، لا غنى عنها لتطوير مصادر طاقة مستدامة وتطبيقات صناعية متعددة. يواجه إنتاج الهيدروجين الأخضر بكفاءة عبر التحليل الكهربائي للماء في الوسط القلوي عقبة كبيرة بسبب بطء حركية تفاعل تطور الهيدروجين. بالإضافة إلى ذلك، فإن تعزيز تفاعل تصاعد الأكسجين يزيد من كفاءة العملية ككل. لذا، يُعد تطوير محفزات كهربائية فعالة وبأسعار معقولة لتفاعلي تصاعد الهيدروجين والأكسجين أمرًا بالغ الأهمية. في هذه الأطروحة، تم اعتماد نهج جديد لخطوات الترسيب الكهربائي السهلة لتصنيع محفز كهربائي على سطح ألياف الجرافيت المعدل آنيًا كركيزة مسامية ثلاثية الأبعاد. أولًا، تم تصنيع محفز كهربائي فائق الرقة من NiMoO4 لتفاعل تصاعد الهيدروجين. وأُظهر المحفز الكهربائي المُصنّع نشاطًا عاليًا للغاية تجاه تفاعل تصاعد الهيدروجين محققًا جهد زائد منخفض (η10) بشكل ملحوظ بلغ 17 مللي فولت عند كثافة تيار 10 مللي أمبير/سم2 يبلغ ، مع ميل تافل منخفض يبلغ 37 مللي فولت لكل عقدة، ويُظهر ثباتًا رائعًا عند 100 مللي أمبير/سم2 طوال 98 ساعة من التحليل الكهربائي المستمر. ثانيًا، تم تصنيع محفز من هيدروكسيد ثنائي/معدني غير متجانس البنية من CoNi فوق Fe3O4 المترسب كهربائيًا في ألياف الجرافيت المعدل آنيًا (يُشار إليه بـ CoNi/Fe@GF) لتعزيز تفاعل تصاعد الهيدروجين. يُظهر قطب CoNi/Fe@GF المُصنّع أداءً تحفيزيًا كهربائيًا ممتازًا لتفاعل تصاعد الهيدروجين، والذي يتطلب η10 منخفضًا للغاية يبلغ 234 مللي فولت، مقترنًا بميل تافل منخفض يبلغ 34 مللي فولت لكل عقدة، ويحافظ على ثبات ممتاز عند 100 مللي أمبير/سم2، متجاوزًا 24 ساعة من التحليل الكهربائي المستمر.
530 ## - ADDITIONAL PHYSICAL FORM AVAILABLE NOTE
Issues CD Issues also as CD.
546 ## - LANGUAGE NOTE
Text Language Text in English and abstract in Arabic & English.
650 #0 - SUBJECT ADDED ENTRY--TOPICAL TERM
Topical term or geographic name entry element Metallic oxides
650 #0 - SUBJECT ADDED ENTRY--TOPICAL TERM
Topical term or geographic name entry element Chemistry
651 #7 - SUBJECT ADDED ENTRY--GEOGRAPHIC NAME
Geographic name كيمياء
653 #1 - INDEX TERM--UNCONTROLLED
Uncontrolled term Carbon support
-- in-situ functionalization
-- Low-cost electrocatalysts
-- Electrochemical passivation
-- Electrodeposition
-- Heterostructure
-- OER
-- HER
-- داعم الكربون
-- مجموعات وظيفية آنية
700 0# - ADDED ENTRY--PERSONAL NAME
Personal name Mohamed Saada El-Deab
Relator term thesis advisor.
700 0# - ADDED ENTRY--PERSONAL NAME
Personal name Muhammad Gamal Abd EL-Moghny
Relator term thesis advisor.
700 0# - ADDED ENTRY--PERSONAL NAME
Personal name Wafaa Mohamed Morsi
Relator term thesis advisor.
700 0# - ADDED ENTRY--PERSONAL NAME
Personal name Ahmed Mohamed Abdelrahim
Relator term thesis advisor.
900 ## - Thesis Information
Grant date 01-01-2025
Supervisory body Mohamed Saada El-Deab
-- Muhammad Gamal Abd EL-Moghny
-- Wafaa Mohamed Morsi
-- Ahmed Mohamed Abdelrahim
Universities Cairo University
Faculties Faculty of Science
Department Department of Chemistry
905 ## - Cataloger and Reviser Names
Cataloger Name Shimaa
Reviser Names Eman Ghareb
942 ## - ADDED ENTRY ELEMENTS (KOHA)
Source of classification or shelving scheme Dewey Decimal Classification
Koha item type Thesis
Edition 21
Suppress in OPAC No
المقتنيات
Source of classification or shelving scheme Home library Current library Date acquired Inventory number Full call number Barcode Date last seen Effective from Koha item type
Dewey Decimal Classification المكتبة المركزبة الجديدة - جامعة القاهرة قاعة الرسائل الجامعية - الدور الاول 10.02.2026 93349 Cai01.12.11.Ph.D.2025.Am.D 01010110093349000 10.02.2026 10.02.2026 Thesis
Cairo University Libraries Portal Implemented & Customized by: Eng. M. Mohamady Contacts: new-lib@cl.cu.edu.eg | cnul@cl.cu.edu.eg
CUCL logo CNUL logo
© All rights reserved — Cairo University Libraries
CUCL logo
Implemented & Customized by: Eng. M. Mohamady Contact: new-lib@cl.cu.edu.eg © All rights reserved — New Central Library
CNUL logo
Implemented & Customized by: Eng. M. Mohamady Contact: cnul@cl.cu.edu.eg © All rights reserved — Cairo National University Library